| 000 | 00959nam a22002297a 4500 | ||
|---|---|---|---|
| 999 |
_c2227 _d2227 |
||
| 003 | AR-CdUCM | ||
| 008 | 190304b ||||| |||| 00| 0 spa d | ||
| 020 | _a84-359-0346-X | ||
| 040 |
_aMUNICIPALIDAD PROVINCIAL DEL CUSCO _cBIBLIOTECA MUNICIPAL DEL CUSCO |
||
| 082 |
_a335 / _bM44 |
||
| 100 |
_aMesa-Lago, Carmelo _98021 |
||
| 245 |
_aLa economía en Cuba socialista : _buna evaluación de dos décadas / |
||
| 260 |
_aMadrid : _bPlayor, _c1983. |
||
| 300 |
_a307 páginas ; _c20 cm. |
||
| 440 |
_aBiblioteca cubana contemporanea. _98022 |
||
| 505 | _aContenido: Políticas económicas revolucionarias -- Crecimiento económico sostenido -- Diverficación de la producción -- Independencia económica externa -- Pleno empleo -- Igualdad en la distribución -- Evaluación de la actuación socioeconómica. | ||
| 650 |
_aSocialismo cubano _98023 |
||
| 650 |
_aEconomía socialista _98024 |
||
| 650 |
_aCuba _91821 |
||
| 942 |
_2ddc _cLIBROS |
||
| 945 | _azta | ||